[Event "XXXV Festival Conca della Presolana Magistrale"]
[Site "Castione della Presolana ITA"]
[Date "2015.08.28"]
[Round "7"]
[White "Bargeri, Ludovico"]
[Black "Brociner, Beniamino"]
[WhiteElo "2092"]
[BlackElo "2167"]
[Result "0-1"]
[PlyCount "120"]
[EventDate "2015.08.22"]

1. d4 Nf6 2. Bg5 d5 3. Bxf6 exf6 4. e3 c6 5. g3 Nd7 6. Bg2 f5 7. Ne2 Nf6 8. Nd2
Bd6 9. O-O h5 10. h4 Ne4 11. f4 Nf6 12. c4 Qe7 13. Qb3 Be6 14. c5 Bb8 15. Qc3
Bc8 16. Bf3 Bc7 17. b4 O-O 18. a4 Bd7 19. Rfb1 Rfe8 20. Kf2 a6 21. Rb3 Qe6 22.
Qb2 Re7 23. Nf1 Ne4+ 24. Kg2 g6 25. b5 Rae8 26. bxa6 bxa6 27. a5 Bc8 28. Nc3
Qd7 29. Kg1 Qd8 30. Nxe4 fxe4 31. Be2 f6 32. Nh2 Rh7 33. Rb6 Bxb6 34. axb6 g5
35. Bxa6 Bxa6 36. Rxa6 Qc8 37. Ra7 Rxa7 38. bxa7 gxh4 39. gxh4 Kh7 40. Nf1 Rg8+
41. Kf2 Qa8 42. Qe2 Qe8 43. a8=Q Qxa8 44. Qxh5+ Kg7 45. f5 Qa2+ 46. Ke1 Qg2 47.
Qe2 Qxe2+ 48. Kxe2 Rh8 49. Kf2 Rxh4 50. Kg3 Rh1 51. Nd2 Rd1 52. Nb3 Rd3 53. Na5
Rxe3+ 54. Kf2 Rd3 55. Nxc6 Kf8 56. Nd8 Ke7 57. Ne6 Rf3+ 58. Ke2 Rxf5 59. Nc7
Kd7 60. Nb5 Rf3 0-1

[Event "XXXV Festival Conca della Presolana Magistrale"]
[Site "Castione della Presolana ITA"]
[Date "2015.08.28"]
[Round "7"]
[White "Ferretti, Folco"]
[Black "Motola, Jacopo"]
[WhiteElo "2211"]
[BlackElo "2061"]
[Result "1/2-1/2"]
[PlyCount "92"]
[EventDate "2015.08.22"]

1. Nf3 g6 2. e4 Bg7 3. d4 d6 4. Nc3 Nd7 5. Be3 b6 6. Bc4 e6 7. Qd2 Bb7 8. Bg5
Ne7 9. Bh6 Bxh6 10. Qxh6 Ng8 11. Qe3 a6 12. a4 h6 13. Nd2 e5 14. O-O g5 15.
dxe5 dxe5 16. Ne2 h5 17. Nf3 g4 18. Ng5 Nh6 19. f3 Qe7 20. Ng3 O-O-O 21. Nf5
Nxf5 22. exf5 gxf3 23. Nxf3 f6 24. a5 b5 25. Be6 Kb8 26. Rad1 Qc5 27. Qf2 Qxf2+
28. Kxf2 Nc5 29. Ba2 Be4 30. b4 Nb7 31. Nh4 Bxc2 32. Rxd8+ Rxd8 33. Rc1 Be4 34.
Bf7 Nd6 35. Bxh5 Nxf5 36. Nxf5 Bxf5 37. Rc6 Rd6 38. Be8 Kb7 39. Rxd6 cxd6 40.
h4 Kc7 41. Kf3 Kd8 42. Bc6 Bc8 43. h5 Ke7 44. g4 Kf7 45. Kg3 Kg7 46. Be4 Kh6
1/2-1/2

[Event "XXXV Festival Conca della Presolana Magistrale"]
[Site "Castione della Presolana ITA"]
[Date "2015.08.28"]
[Round "7"]
[White "Franciosi, Fausto"]
[Black "Cattaneo, Marco"]
[WhiteElo "2139"]
[BlackElo "2175"]
[Result "0-1"]
[PlyCount "108"]
[EventDate "2015.08.22"]

1. d4 Nf6 2. Nf3 g6 3. c4 Bg7 4. Nc3 O-O 5. e4 d6 6. Be2 e5 7. d5 a5 8. Bg5 h6
9. Bh4 Na6 10. Nd2 Nc5 11. O-O Bd7 12. Rb1 c6 13. b3 g5 14. Bg3 cxd5 15. cxd5
b5 16. b4 axb4 17. Rxb4 Qa5 18. Qb1 Na6 19. Rb3 Rfc8 20. Rc1 b4 21. Nd1 Rxc1
22. Qxc1 Nc5 23. f3 Nxb3 24. axb3 Qa1 25. Qxa1 Rxa1 26. Be1 Ne8 27. Kf2 f5 28.
Nc4 fxe4 29. fxe4 Nf6 30. Bxb4 Nxe4+ 31. Ke3 Nf6 32. Nc3 Rc1 33. Kd2 Rh1 34.
Bxd6 Rxh2 35. Ne3 Ne8 36. Bb8 Kf7 37. b4 Ke7 38. b5 Kd8 39. Ne4 Kc8 40. Ba7 Bf8
41. b6 Kb7 42. Kc3 Rh1 43. d6 Bxd6 44. Nc4 Rc1+ 45. Kb2 Rxc4 46. Bxc4 Bc6 47.
Bd3 Bb4 48. Kb3 Nd6 49. Kxb4 Nxe4 50. Bc4 Ng3 51. Kc5 Bxg2 52. Kd6 h5 53. Kxe5
h4 54. Be6 h3 0-1

[Event "XXXV Festival Conca della Presolana Magistrale"]
[Site "Castione della Presolana ITA"]
[Date "2015.08.28"]
[Round "7"]
[White "Gentili, Gianguido"]
[Black "Gennari, Jacopo"]
[WhiteElo "2074"]
[BlackElo "2125"]
[Result "1/2-1/2"]
[PlyCount "109"]
[EventDate "2015.08.22"]

1. e4 d5 2. exd5 Nf6 3. d4 Nxd5 4. a3 g6 5. Bd3 Bg7 6. Ne2 O-O 7. O-O Nc6 8.
Bb5 Bd7 9. c4 Nb6 10. Nbc3 e6 11. Be3 a6 12. c5 Nd5 13. Bc4 Nce7 14. Bg5 h6 15.
Bxd5 exd5 16. Bf4 Bc6 17. Ng3 Qd7 18. Qd2 g5 19. Be3 f5 20. f4 g4 21. Rae1 Qe8
22. Bf2 Qf7 23. Qe3 Ng6 24. Qd2 b6 25. cxb6 cxb6 26. Re2 Rfe8 27. Rfe1 Rxe2 28.
Rxe2 Bd7 29. Nh5 Bh8 30. Kh1 Ne7 31. Bh4 Nc6 32. Ng3 Bxd4 33. Re1 Bxc3 34. bxc3
Re8 35. Rd1 Na5 36. Nf1 Ba4 37. Re1 Rxe1 38. Qxe1 Nc4 39. Bf2 Qf6 40. Bd4 Qd6
41. Ng3 Bd7 42. Nh5 Kf7 43. Qe2 Qe7 44. Qf2 Qxa3 45. h3 Qc1+ 46. Kh2 Nd2 47.
Ng3 Ne4 48. Nxe4 dxe4 49. Be5 e3 50. Qh4 e2 51. Qf6+ Ke8 52. Qg6+ Kd8 53. Qxb6+
Ke7 54. Qf6+ Ke8 55. Qh8+ 1/2-1/2

[Event "XXXV Festival Conca della Presolana Magistrale"]
[Site "Castione della Presolana ITA"]
[Date "2015.08.28"]
[Round "7"]
[White "Giretti Kanev, Jasen"]
[Black "Ricci, Marco"]
[WhiteElo "2211"]
[BlackElo "2040"]
[Result "1-0"]
[PlyCount "83"]
[EventDate "2015.08.22"]

1. e4 e6 2. Qe2 c5 3. g3 Nc6 4. Nf3 Be7 5. Bg2 d5 6. d3 Nf6 7. O-O O-O 8. Nbd2
b6 9. Re1 dxe4 10. dxe4 e5 11. c3 Qc7 12. Nf1 Bb7 13. Ne3 Rad8 14. Nf5 Rfe8 15.
N3h4 g6 16. Nh6+ Kg7 17. Qf3 Rf8 18. g4 Ng8 19. Qh3 Bxh4 20. Qxh4 Qe7 21. g5
Bc8 22. Be3 Rd6 23. Rad1 Rfd8 24. Rd5 Be6 25. Rxd6 Rxd6 26. b3 Qd8 27. Bf3 Nxh6
28. gxh6+ Kg8 29. Bg5 Qe8 30. Be2 Bc8 31. Bc4 Be6 32. Bb5 Bd7 33. Re3 Nb8 34.
Bc4 Be6 35. Be7 Rd1+ 36. Kg2 Nd7 37. Bb5 Rd2 38. Bxd7 Qxd7 39. Qf6 Bh3+ 40.
Rxh3 Qg4+ 41. Rg3 Qxe4+ 42. Kh3 1-0

[Event "XXXV Festival Conca della Presolana Magistrale"]
[Site "Castione della Presolana ITA"]
[Date "2015.08.28"]
[Round "7"]
[White "Hunt, Adam C."]
[Black "Sulava, Nenad"]
[WhiteElo "2427"]
[BlackElo "2442"]
[Result "1/2-1/2"]
[PlyCount "46"]
[EventDate "2015.08.22"]

1. e4 e5 2. Nf3 Nc6 3. Bb5 a6 4. Ba4 Nf6 5. O-O b5 6. Bb3 Bb7 7. d3 Be7 8. a4
O-O 9. Nc3 b4 10. Nd5 Na5 11. Nxe7+ Qxe7 12. Ba2 d5 13. exd5 Nxd5 14. Re1 f6
15. d4 e4 16. c4 bxc3 17. b4 Qd7 18. Rxe4 Nc6 19. Qb3 Nce7 20. Qxc3 Kh8 21. Qe1
Ng6 22. Nh4 Nxh4 23. Rxh4 Rae8 1/2-1/2

[Event "XXXV Festival Conca della Presolana Magistrale"]
[Site "Castione della Presolana ITA"]
[Date "2015.08.28"]
[Round "7"]
[White "Lain, Luigi"]
[Black "Cocconcelli, Lorenzo"]
[WhiteElo "2143"]
[BlackElo "2139"]
[Result "1-0"]
[PlyCount "59"]
[EventDate "2015.08.22"]

1. d4 d5 2. c4 c6 3. Nc3 Nf6 4. cxd5 cxd5 5. Bf4 Bf5 6. Qb3 Nc6 7. Qxb7 Nxd4 8.
O-O-O Ne4 9. Rxd4 Nxc3 10. bxc3 e5 11. Rxd5 Ba3+ 12. Kd2 O-O 13. Rxd8 Rfxd8+
14. Ke3 exf4+ 15. Kxf4 Be6 16. e4 Bd6+ 17. e5 g5+ 18. Kxg5 Bxe5 19. Nf3 Bxc3
20. a3 Ba5 21. Bd3 Rac8 22. Qe4 Rc5+ 23. Kf4 Bc7+ 24. Ke3 Bb6 25. Qxh7+ Kf8 26.
Ke2 Rxd3 27. Qh8+ Ke7 28. Qh4+ Kf8 29. Kxd3 Bf5+ 30. Ke2 1-0

[Event "XXXV Festival Conca della Presolana Magistrale"]
[Site "Castione della Presolana ITA"]
[Date "2015.08.28"]
[Round "7"]
[White "Movsziszian, Karen"]
[Black "Janev, Evgeni"]
[WhiteElo "2457"]
[BlackElo "2409"]
[Result "1/2-1/2"]
[PlyCount "39"]
[EventDate "2015.08.22"]

1. d4 Nf6 2. c4 d6 3. Nc3 g6 4. e4 Bg7 5. Nf3 O-O 6. Be2 e5 7. dxe5 dxe5 8.
Qxd8 Rxd8 9. Bg5 Re8 10. Nd5 Nxd5 11. cxd5 c6 12. Bc4 cxd5 13. Bxd5 Na6 14.
O-O-O Nc7 15. Bb3 Be6 16. Bxe6 Nxe6 17. Be3 Red8 18. Rxd8+ Rxd8 19. Rd1 Rxd1+
20. Kxd1 1/2-1/2

[Event "XXXV Festival Conca della Presolana Magistrale"]
[Site "Castione della Presolana ITA"]
[Date "2015.08.28"]
[Round "7"]
[White "Negro, Roberto"]
[Black "Coppola, Federico"]
[WhiteElo "2169"]
[BlackElo "2092"]
[Result "1/2-1/2"]
[PlyCount "54"]
[EventDate "2015.08.22"]

1. c4 c5 2. g3 g6 3. Bg2 Bg7 4. Nc3 Nc6 5. Nf3 d6 6. O-O e6 7. a3 Nge7 8. Rb1
b6 9. b4 Bb7 10. bxc5 dxc5 11. Bb2 O-O 12. Nb5 Qd7 13. Bxg7 Kxg7 14. Rb3 Nc8
15. Qa1+ Kg8 16. d3 Nd6 17. Qf6 Nxb5 18. Rxb5 Rad8 19. Rb2 Qe7 20. Qxe7 Nxe7
21. a4 Nc6 22. Ne5 Rd6 23. Ra1 Na5 24. Bxb7 Nxb7 25. Nf3 Na5 26. Nd2 Nc6 27.
Ne4 Rdd8 1/2-1/2

[Event "XXXV Festival Conca della Presolana Magistrale"]
[Site "Castione della Presolana ITA"]
[Date "2015.08.28"]
[Round "7"]
[White "Ottavi, Marco"]
[Black "Bonazzi, Edoardo"]
[WhiteElo "1991"]
[BlackElo "2113"]
[Result "1/2-1/2"]
[PlyCount "21"]
[EventDate "2015.08.22"]

1. e4 d6 2. d4 Nf6 3. Nd2 e5 4. c3 Be7 5. Ngf3 Nbd7 6. dxe5 dxe5 7. Qc2 c6 8.
Be2 O-O 9. O-O Qc7 10. a4 a5 11. Nc4 1/2-1/2

[Event "XXXV Festival Conca della Presolana Magistrale"]
[Site "Castione della Presolana ITA"]
[Date "2015.08.28"]
[Round "7"]
[White "Qendro, Llambi"]
[Black "Corvi, Marco"]
[WhiteElo "2338"]
[BlackElo "2322"]
[Result "1/2-1/2"]
[PlyCount "29"]
[EventDate "2015.08.22"]

1. d4 f5 2. Nf3 Nf6 3. g3 d6 4. Bg2 g6 5. O-O Bg7 6. c4 O-O 7. Nc3 e6 8. Qc2
Nc6 9. d5 Nb4 10. Qb3 Na6 11. dxe6 Nc5 12. Qc2 Bxe6 13. b3 Qe7 14. Bb2 c6 15.
Rad1 1/2-1/2

[Event "XXXV Festival Conca della Presolana Magistrale"]
[Site "Castione della Presolana ITA"]
[Date "2015.08.28"]
[Round "7"]
[White "Ranieri, Fabrizio"]
[Black "Aghayev, Miragha"]
[WhiteElo "2256"]
[BlackElo "2354"]
[Result "1/2-1/2"]
[PlyCount "30"]
[EventDate "2015.08.22"]

1. e4 c5 2. Nf3 d6 3. d4 cxd4 4. Nxd4 Nf6 5. Nc3 Bd7 6. Bg5 e6 7. Ndb5 Bc6 8.
Bxf6 gxf6 9. Qh5 a6 10. Nd4 Qb6 11. Nxe6 Qxb2 12. Kd2 Qxa1 13. Nc7+ Kd8 14.
Nxa8 Nd7 15. g3 Ne5 1/2-1/2

[Event "XXXV Festival Conca della Presolana Magistrale"]
[Site "Castione della Presolana ITA"]
[Date "2015.08.28"]
[Round "7"]
[White "Sveshnikov, Vladimir"]
[Black "Orlov, Andrey"]
[WhiteElo "2352"]
[BlackElo "2489"]
[Result "1/2-1/2"]
[PlyCount "23"]
[EventDate "2015.08.22"]

1. e4 e5 2. Nf3 Nc6 3. Bc4 Bc5 4. c3 Nf6 5. d4 exd4 6. cxd4 Bb4+ 7. Bd2 Bxd2+
8. Nbxd2 d5 9. exd5 Nxd5 10. Qb3 Na5 11. Qa4+ Nc6 12. Qd1 1/2-1/2

[Event "XXXV Festival Conca della Presolana Magistrale"]
[Site "Castione della Presolana ITA"]
[Date "2015.08.28"]
[Round "7"]
[White "Ventura, Salvatore"]
[Black "Vuelban, Virgilio"]
[WhiteElo "2083"]
[BlackElo "2349"]
[Result "0-1"]
[PlyCount "54"]
[EventDate "2015.08.22"]

1. c4 Nf6 2. g3 g6 3. Bg2 d5 4. cxd5 Nxd5 5. Nc3 Nb6 6. d3 Bg7 7. Be3 Nc6 8.
Bxc6+ bxc6 9. Qd2 h6 10. Nf3 Bh3 11. Rc1 g5 12. Ne4 Qd5 13. b3 f5 14. Rc5 Qf7
15. Nexg5 hxg5 16. Nxg5 Qg6 17. Nxh3 Rxh3 18. Qc1 Kd7 19. Bg5 Bd4 20. Rc2 Nd5
21. Bh4 f4 22. Rc4 e5 23. Qa3 Qf7 24. Qa6 Nb6 25. Rc2 Bxf2+ 26. Kxf2 fxg3+ 27.
Kg2 Rxh4 0-1

[Event "XXXV Festival Conca della Presolana Magistrale"]
[Site "Castione della Presolana ITA"]
[Date "2015.08.29"]
[Round "8"]
[White "Aghayev, Miragha"]
[Black "Movsziszian, Karen"]
[WhiteElo "2354"]
[BlackElo "2457"]
[Result "1-0"]
[PlyCount "79"]
[EventDate "2015.08.22"]

1. e4 g6 2. d4 Bg7 3. Nf3 d6 4. Be2 Nd7 5. O-O e5 6. Nc3 Ngf6 7. a4 exd4 8.
Nxd4 O-O 9. Re1 Re8 10. Bf3 Ne5 11. Be2 Nc6 12. Nxc6 bxc6 13. Bf3 Nd7 14. Be3
Ne5 15. Be2 Be6 16. f4 Nc4 17. Bxc4 Bxc4 18. Bd4 Bh6 19. Qf3 c5 20. Bf2 Qf6 21.
b3 Be6 22. Nb5 Rec8 23. Be3 Bg7 24. Rad1 a6 25. e5 Qh4 26. f5 Bxf5 27. Nxc7
Bxe5 28. g3 Qb4 29. Nxa8 Be4 30. Qg4 f5 31. Qh4 Rxa8 32. Qe7 Bxc2 33. Qe6+ Kh8
34. Bg5 Bd4+ 35. Kf1 Rf8 36. Qxd6 Bg7 37. Bf6 Qb8 38. Bxg7+ Kxg7 39. Re7+ Kh8
40. Qxc5 1-0

[Event "XXXV Festival Conca della Presolana Magistrale"]
[Site "Castione della Presolana ITA"]
[Date "2015.08.29"]
[Round "8"]
[White "Brociner, Beniamino"]
[Black "Giretti Kanev, Jasen"]
[WhiteElo "2167"]
[BlackElo "2211"]
[Result "1-0"]
[PlyCount "183"]
[EventDate "2015.08.22"]

1. Nf3 Nf6 2. c4 b6 3. g3 Bb7 4. Bg2 c5 5. O-O g6 6. Nc3 Bg7 7. d4 cxd4 8. Qxd4
Nc6 9. Qf4 Rc8 10. Bd2 Qc7 11. Qxc7 Rxc7 12. Rac1 Rc8 13. b3 O-O 14. h3 Rfd8
15. Ne1 Ba8 16. Nd3 Nd4 17. Bxa8 Rxa8 18. Nf4 e6 19. Kg2 d5 20. cxd5 e5 21. Nd3
Nxd5 22. Rfe1 Nxc3 23. Bxc3 Nxe2 24. Rxe2 Rxd3 25. Bxe5 Re8 26. Rce1 Bxe5 27.
Rxe5 Rxe5 28. Rxe5 Rd2 29. a4 Rd3 30. Rb5 Rd6 31. a5 bxa5 32. Rxa5 a6 33. Rc5
Kf8 34. Rc3 Ke7 35. Kf3 h5 36. h4 Ke6 37. Ke3 f6 38. f3 g5 39. b4 gxh4 40. gxh4
Rb6 41. Rc4 Rb5 42. Kd4 Rd5+ 43. Ke4 Re5+ 44. Kd4 Kf5 45. Rc6 a5 46. bxa5 Rxa5
47. Ke3 Ra4 48. Rc5+ Kg6 49. f4 Ra3+ 50. Kf2 Rh3 51. f5+ Kf7 52. Rc4 Ke7 53.
Kg2 Rd3 54. Re4+ Kd7 55. Ra4 Rd5 56. Rf4 Kd6 57. Kg3 Rd3+ 58. Kg2 Ke5 59. Rf2
Rd4 60. Kg3 Rg4+ 61. Kh3 Ke4 62. Ra2 Rf4 63. Ra4+ Kf3 64. Ra3+ Kf2 65. Ra2+ Kg1
66. Kg3 Rxf5 67. Ra1+ Rf1 68. Ra2 Rb1 69. Rg2+ Kf1 70. Rf2+ Kg1 71. Rxf6 Rb4
72. Rf5 Rg4+ 73. Kh3 Rg8 74. Rg5+ Kh1 75. Rxh5 Ra8 76. Rf5 Kg1 77. h5 Ra2 78.
Kh4 Kg2 79. h6 Ra3 80. Rh5 Ra4+ 81. Kg5 Ra5+ 82. Kg6 Ra6+ 83. Kf7 Ra7+ 84. Ke6
Ra6+ 85. Kd7 Ra7+ 86. Kc6 Rh7 87. Kd6 Kg3 88. Ke6 Kg4 89. Rh1 Kg5 90. Rg1+ Kh5
91. Kf6 Rxh6+ 92. Kf5 1-0

[Event "XXXV Festival Conca della Presolana Magistrale"]
[Site "Castione della Presolana ITA"]
[Date "2015.08.29"]
[Round "8"]
[White "Cattaneo, Marco"]
[Black "Cocconcelli, Lorenzo"]
[WhiteElo "2175"]
[BlackElo "2139"]
[Result "1/2-1/2"]
[PlyCount "21"]
[EventDate "2015.08.22"]

1. Nf3 Nf6 2. c4 c5 3. Nc3 Nc6 4. g3 g6 5. Bg2 Bg7 6. O-O O-O 7. d4 cxd4 8.
Nxd4 Nxd4 9. Qxd4 d6 10. Qd3 Rb8 11. Rb1 1/2-1/2

[Event "XXXV Festival Conca della Presolana Magistrale"]
[Site "Castione della Presolana ITA"]
[Date "2015.08.29"]
[Round "8"]
[White "Cebalo, Miso"]
[Black "Sveshnikov, Vladimir"]
[WhiteElo "2397"]
[BlackElo "2352"]
[Result "0-1"]
[PlyCount "118"]
[EventDate "2015.08.22"]

1. d4 d5 2. c4 e6 3. Nf3 Nf6 4. Nc3 c6 5. Bg5 h6 6. Bxf6 Qxf6 7. e3 g6 8. Bd3
Bg7 9. O-O O-O 10. Re1 Nd7 11. e4 dxc4 12. Bxc4 e5 13. d5 Nb6 14. Bb3 Bg4 15.
Re3 Rad8 16. Qe2 Rd6 17. h3 Bd7 18. a4 a5 19. Nd2 Qe7 20. Rf3 h5 21. Qe3 cxd5
22. Nxd5 Nxd5 23. Bxd5 Be6 24. Nc4 Ra6 25. Qd2 Bxd5 26. Qxd5 Qb4 27. b3 Bf6 28.
Qb5 Rd8 29. Qxb4 axb4 30. a5 Be7 31. Nxe5 Re6 32. Nc4 Rxe4 33. Kf1 Kg7 34. Re1
Rxe1+ 35. Kxe1 Bc5 36. Ke2 f5 37. Rd3 Bd4 38. f4 Kf6 39. Kf3 h4 40. Ne3 Ke6 41.
Nc2 Bb6 42. Rxd8 Bxd8 43. Nxb4 Bxa5 44. Nc2 Kd5 45. Ke3 Bb6+ 46. Kd3 Bc7 47.
Ke3 Kc5 48. Ne1 Kb4 49. Nf3 Bd8 50. Ne5 Kxb3 51. Nxg6 Kc3 52. Ne5 b5 53. Nc6 b4
54. Nxb4 Kxb4 55. Kd4 Bc7 56. Kd5 Bxf4 57. Ke6 Bg3 58. Kxf5 Kc3 59. Ke4 Kd2 0-1

[Event "XXXV Festival Conca della Presolana Magistrale"]
[Site "Castione della Presolana ITA"]
[Date "2015.08.29"]
[Round "8"]
[White "Coppola, Federico"]
[Black "Ventura, Salvatore"]
[WhiteElo "2092"]
[BlackElo "2083"]
[Result "1/2-1/2"]
[PlyCount "88"]
[EventDate "2015.08.22"]

1. Nf3 c5 2. c4 g6 3. g3 Bg7 4. Bg2 Nc6 5. Nc3 e5 6. O-O d6 7. a3 Nge7 8. b4 e4
9. Ne1 Be6 10. Rb1 b6 11. Nxe4 Bxc4 12. b5 Nd4 13. d3 Bd5 14. Bg5 Ne6 15. Nf6+
Bxf6 16. Bxf6 Bxg2 17. Nxg2 Rf8 18. Ne3 Nc7 19. d4 Qd7 20. dxc5 dxc5 21. Qc2
Qe6 22. Ba1 O-O-O 23. a4 Ned5 24. Nc4 Nb4 25. Rxb4 cxb4 26. Rc1 Kb8 27. Be5 Rd7
28. Na5 bxa5 29. Bxc7+ Ka8 30. Bxa5 b3 31. Qc3 Qd5 32. Rb1 Kb7 33. Rxb3 Rc8 34.
Qe3 Qd1+ 35. Kg2 Rc1 36. Qe4+ Qd5 37. Qxd5+ Rxd5 38. Bc3 Rc2 39. Kf3 Rc5 40.
Bb2 Rd5 41. Bc3 Rc5 42. Bb2 R5c4 43. a5 Ra4 44. a6+ Kb8 1/2-1/2

[Event "XXXV Festival Conca della Presolana Magistrale"]
[Site "Castione della Presolana ITA"]
[Date "2015.08.29"]
[Round "8"]
[White "Corvi, Marco"]
[Black "Ferretti, Folco"]
[WhiteElo "2322"]
[BlackElo "2211"]
[Result "1/2-1/2"]
[PlyCount "119"]
[EventDate "2015.08.22"]

1. c4 Nf6 2. Nc3 c5 3. Nf3 Nc6 4. g3 d5 5. cxd5 Nxd5 6. Bg2 Nc7 7. O-O e5 8. d3
Be7 9. Nd2 O-O 10. Nc4 f6 11. f4 exf4 12. Bxf4 Ne6 13. Bd2 Bd7 14. Nd5 Kh8 15.
e3 b5 16. Na5 Rc8 17. Nxe7 Qxe7 18. Qh5 Ne5 19. Bc3 Ng5 20. Bxe5 Qxe5 21. Qe2
Rfe8 22. Rae1 Ne6 23. Qf2 Qd6 24. Nb3 Bc6 25. d4 Bxg2 26. Qxg2 cxd4 27. exd4
Red8 28. d5 Nc7 29. Qf2 Qa6 30. Nc5 Qxa2 31. Ne6 Nxe6 32. dxe6 Re8 33. e7 Rc7
34. Ra1 Qf7 35. Rxa7 Rcxe7 36. Rxe7 Qxe7 37. Rd1 h6 38. Kf1 Qe4 39. Kg1 Re5 40.
Qd4 Qxd4+ 41. Rxd4 Kh7 42. Kf2 Kg6 43. Kf3 Rf5+ 44. Ke3 h5 45. Rd2 Kg5 46. Rd4
Re5+ 47. Kf3 Kf5 48. Rd6 g5 49. h3 g4+ 50. hxg4+ hxg4+ 51. Kf2 Rc5 52. Ke3 Ke5
53. Rb6 Kf5 54. Rb8 Re5+ 55. Kd3 Ke6 56. Rb6+ Kf7 57. Rb7+ Kg6 58. Rb8 f5 59.
Rg8+ Kf6 60. Kd4 1/2-1/2

[Event "XXXV Festival Conca della Presolana Magistrale"]
[Site "Castione della Presolana ITA"]
[Date "2015.08.29"]
[Round "8"]
[White "Cugini, Verter"]
[Black "Gentili, Gianguido"]
[WhiteElo "2089"]
[BlackElo "2074"]
[Result "1-0"]
[PlyCount "187"]
[EventDate "2015.08.22"]

1. e4 d6 2. d4 Nf6 3. Nc3 g6 4. g3 c6 5. Bg2 Bg7 6. Nge2 Nbd7 7. O-O O-O 8. h3
Rb8 9. a4 Qc7 10. Be3 a5 11. Nf4 Nb6 12. Qe2 e5 13. dxe5 dxe5 14. Nd3 Re8 15.
Rad1 Nc4 16. Bc1 b6 17. b3 Nd6 18. f4 Nh5 19. Qe1 exf4 20. Nxf4 Ba6 21. Nxh5
gxh5 22. Bf4 Be5 23. Rf2 Rbd8 24. Bxe5 Rxe5 25. Qe3 Rde8 26. Rfd2 R8e6 27. Qf4
Qe7 28. h4 Rf6 29. Qe3 Qc7 30. Qd4 Nb7 31. Qd7 Qb8 32. Rf2 Rxf2 33. Kxf2 Rc5
34. Qd4 Qe8 35. Rd2 Qe7 36. Nd1 Qe5 37. Ne3 Kg7 38. Qxe5+ Rxe5 39. Nf5+ Kf6 40.
Ke3 Nc5 41. Rd8 b5 42. axb5 cxb5 43. Nd4 Bb7 44. Kf2 Bxe4 45. Rd6+ Ke7 46. Rb6
Bxg2 47. Kxg2 Re4 48. Rxb5 Ne6 49. Nxe6 fxe6 50. Rxa5 Re2+ 51. Kf3 Rxc2 52.
Rxh5 Rc3+ 53. Kf4 Rxb3 54. Rxh7+ Kf6 55. Rh6+ Kf7 56. h5 e5+ 57. Kg4 e4 58. Ra6
Kg7 59. Re6 e3 60. Kf4 Rb5 61. g4 Rb4+ 62. Kf3 Rb1 63. Rg6+ Kf7 64. Kxe3 Rf1
65. Ra6 Kg7 66. Ra2 Kh6 67. Rf2 Rg1 68. Kf4 Rh1 69. Kf5 Rh3 70. Kf6 Rh1 71. g5+
Kh7 72. h6 Rg1 73. Rf3 Rg2 74. Kf5 Rg1 75. Ra3 Rf1+ 76. Kg4 Rg1+ 77. Rg3 Rf1
78. Rf3 Rg1+ 79. Kf5 Rg2 80. Kf6 Rg1 81. Kf5 Rg2 82. Kf4 Rg1 83. Rg3 Rf1+ 84.
Kg4 Kg6 85. Rh3 Kh7 86. g6+ Kh8 87. Rf3 Rg1+ 88. Kf5 Rh1 89. Kf6 Rg1 90. Rf5
Rh1 91. Kf7 Rg1 92. g7+ Kh7 93. Kf8 Rg6 94. Rf7 1-0

[Event "XXXV Festival Conca della Presolana Magistrale"]
[Site "Castione della Presolana ITA"]
[Date "2015.08.29"]
[Round "8"]
[White "Gennari, Jacopo"]
[Black "Bonazzi, Edoardo"]
[WhiteElo "2125"]
[BlackElo "2113"]
[Result "0-1"]
[PlyCount "84"]
[EventDate "2015.08.22"]

1. d4 Nf6 2. c4 e6 3. Nc3 d5 4. cxd5 Nxd5 5. e4 Nxc3 6. bxc3 c5 7. Nf3 cxd4 8.
cxd4 Bb4+ 9. Bd2 Qa5 10. Rb1 Bxd2+ 11. Nxd2 O-O 12. Bc4 Nc6 13. d5 exd5 14.
Bxd5 Ne7 15. Bc4 Rd8 16. Rb2 Bg4 17. f3 Bd7 18. O-O Ba4 19. Qe2 Rac8 20. Kh1
Qc3 21. Bxf7+ Kxf7 22. Nb1 Qc7 23. f4 Kg8 24. f5 Qc4 25. Qf3 Bb5 26. Rbf2 Qd3
27. Qg4 Qd7 28. Re1 Nc6 29. Qg3 Qd3 30. Rf3 Qd6 31. Qh4 Ne5 32. Rh3 h6 33. Rg3
Kh7 34. Nc3 Qd2 35. Rb1 Bd3 36. f6 g5 37. Qh3 Bxb1 38. Qf5+ Ng6 39. h4 Rxc3 40.
Rxc3 Qxc3 41. h5 Qe1+ 42. Kh2 Qh4+ 0-1

[Event "XXXV Festival Conca della Presolana Magistrale"]
[Site "Castione della Presolana ITA"]
[Date "2015.08.29"]
[Round "8"]
[White "Janev, Evgeni"]
[Black "Sveshnikov, Evgeny E."]
[WhiteElo "2409"]
[BlackElo "2508"]
[Result "1-0"]
[PlyCount "81"]
[EventDate "2015.08.22"]

1. e4 c5 2. Nf3 Nc6 3. Bb5 e6 4. O-O Nge7 5. c3 a6 6. Be2 d5 7. exd5 Nxd5 8. d4
cxd4 9. Nxd4 Bd6 10. Bf3 O-O 11. Nxc6 bxc6 12. Nd2 Bc7 13. c4 Ne7 14. Nb3 e5
15. Be3 Be6 16. Qxd8 Rfxd8 17. Bc5 Bd6 18. Bxd6 Rxd6 19. Na5 f5 20. Rfd1 Rad8
21. Re1 e4 22. Nb7 Bxc4 23. Nxd8 Rxd8 24. Bxe4 fxe4 25. Rxe4 Bxa2 26. h4 Rd2
27. Rxa2 Nd5 28. Rxa6 Rxb2 29. Rxc6 h5 30. Re5 Nf6 31. f3 Rb7 32. Rec5 Rb1+ 33.
Kh2 Rb4 34. Rg5 Kf7 35. Rc7+ Ke6 36. Kh3 Nd5 37. Rcxg7 Nf4+ 38. Kg3 Ne2+ 39.
Kf2 Nf4 40. Rh7 Rb2+ 41. Kg1 1-0

[Event "XXXV Festival Conca della Presolana Magistrale"]
[Site "Castione della Presolana ITA"]
[Date "2015.08.29"]
[Round "8"]
[White "Lain, Luigi"]
[Black "Ranieri, Fabrizio"]
[WhiteElo "2143"]
[BlackElo "2256"]
[Result "1-0"]
[PlyCount "133"]
[EventDate "2015.08.22"]

1. d4 e6 2. c4 Nf6 3. Nc3 Bb4 4. a3 Bxc3+ 5. bxc3 c5 6. f3 d5 7. cxd5 exd5 8.
Qc2 O-O 9. e3 Nc6 10. Ne2 Bd7 11. Ng3 Re8 12. Be2 Rc8 13. Qa2 Na5 14. O-O h5
15. Bd3 Qc7 16. Rb1 cxd4 17. cxd4 Qc3 18. Rd1 Ba4 19. Ne2 Qc6 20. Re1 Bc2 21.
Bxc2 Qxc2 22. Qxc2 Rxc2 23. Kf1 b6 24. Rd1 Nc4 25. Rd3 Rc8 26. Rbb3 Ra2 27.
Rdc3 Re8 28. Nf4 Nd6 29. Rc6 Nf5 30. Rbc3 h4 31. Rc7 Nd6 32. Rc2 Rxc2 33. Rxc2
Rc8 34. Rxc8+ Nxc8 35. Ke2 b5 36. Kd3 Nd6 37. Bd2 Kf8 38. Be1 g5 39. Nh3 Nh7
40. e4 dxe4+ 41. fxe4 Nc4 42. a4 a6 43. axb5 axb5 44. Kc3 Ne3 45. Bd2 Nxg2 46.
Nxg5 Nxg5 47. Bxg5 h3 48. Kb4 Ne1 49. d5 Ke8 50. Kxb5 Kd7 51. Kc4 Nf3 52. Bf4
Ng1 53. Kd3 Nf3 54. Ke3 Ne1 55. Bg3 Nc2+ 56. Kf3 Nd4+ 57. Kg4 Ne2 58. Be5 Ng1
59. Kg3 Ne2+ 60. Kxh3 Nc1 61. Kg4 Nd3 62. Kf5 Ke7 63. h4 Kf8 64. Bd6+ Kg8 65.
Ba3 Ne1 66. d6 Nc2 67. Bc5 1-0

[Event "XXXV Festival Conca della Presolana Magistrale"]
[Site "Castione della Presolana ITA"]
[Date "2015.08.29"]
[Round "8"]
[White "Motola, Jacopo"]
[Black "Bonato, Mariano"]
[WhiteElo "2061"]
[BlackElo "2177"]
[Result "0-1"]
[PlyCount "70"]
[EventDate "2015.08.22"]

1. e4 e5 2. Nf3 Nc6 3. Bb5 a6 4. Bxc6 dxc6 5. O-O Bg4 6. h3 Bxf3 7. Qxf3 Bc5 8.
d3 Ne7 9. Nd2 O-O 10. Nc4 Ng6 11. Be3 Bd6 12. Rad1 c5 13. Qg4 Qc8 14. Qh5 b5
15. Nd2 Qe6 16. c4 Nf4 17. Bxf4 exf4 18. Qe2 Be5 19. Nf3 Rfd8 20. Qc2 b4 21.
Qe2 a5 22. b3 f6 23. Kh2 a4 24. g3 axb3 25. axb3 Ra3 26. Rb1 Rda8 27. Ne1 Ra2
28. Nc2 Qd6 29. gxf4 Bxf4+ 30. Kh1 Qe6 31. Kg2 Qe5 32. Qd1 Qg5+ 33. Kh1 Qh4 34.
Kg2 Be5 35. Ne3 Qg3+ 0-1